01342nam a2200349Ia 4500001001200000003000800012006001900020007001500039008004100054020001500095020002100110040002100131035002100152050002300173100001800196245006800214260004500282300001400327490003000341500010400371504005100475533015200526650002600678650002500704650001200729650001900741655002900760710001700789830004300806856012600849999001700975ebr10285244CaPaEBRm u cr cn|||||||||010723s2001 enk sb 001 0 eng d z0761966560 z0761966579 (PBK) aCaPaEBRcCaPaEBR a(OCoLC)65820201214aCB357b.K24 2001eb1 aKahn, Joel S.10aModernity and exclusionh[electronic resource] /cJoel S. Kahn. aLondon ;aThousands Oaks :bSage,c2001. ax, 163 p.1 aTheory, culture & society a"Published in association with Theory, Culture & Society, Nottingham Trent University"--t.p. verso. aIncludes bibliographical references and index. aElectronic reproduction.bPalo Alto, Calif. :cebrary,d2009.nAvailable via World Wide Web.nAccess may be limited to ebrary affiliated libraries. 0aCivilization, Modern. 0aMarginality, Social. 0aRacism. 0aEast and West. 7aElectronic books.2local2 aebrary, Inc. 0aTheory, culture & society (Unnumbered)40uhttp://site.ebrary.com/lib/rucke/Doc?id=10285244zAn electronic book accessible through the World Wide Web; click to view c16866d16866